000 00264nam a2200121 i 4500
001 bg
245 0 _aImitacjonnyje modeli w demografii.
260 _aMoskwa,
_c1980.
040 _cBPK
041 _apol
942 _cKS
008 s pl f |000 0 pol
999 _c19939
_d19939
856 _uhttp://koha.tu.koszalin.pl/cgi-bin/koha/opac-detail.pl?biblionumber=19939
_yKatalog online BPK